| 000 | 00441cam a2200169ua 4500 | ||
|---|---|---|---|
| 001 | 1729 | ||
| 008 | 110716n ii |||gr||||Z||||||eng | ||
| 040 | _cMAIN | ||
| 082 | _a330.954 | ||
| 100 |
_aMukerjee, Radhakamal, _eAuthor. |
||
| 245 | 1 |
_aEconomic history of india _cby Radhakamal Mukerjee |
|
| 260 |
_aAllahabad: _bKitab Mahal. |
||
| 300 |
_axxiv; 195p: _c23cm. |
||
| 653 | _aEconomic | ||
| 653 | _aeconomic history of india | ||
| 942 | _cBK | ||
| 999 |
_c1613 _d1613 |
||